000 00459nam a2200157 4500
001 148782
003 ES-MaACL
005 20230906202814.0
007 t|
008 070214s1965 sp r ||||1| spa d
100 1 _aSubías Galter, Juan (
_d1897-1984)
_9108683
245 1 4 _aLas rutas del románico /
_cJuan Subías Galter.
260 _aBarcelona :
_bLa Polígrafa,
_c1965.
300 _a120 p., 41 lám. ;
_c22 cm.
852 _aES-MaACL
_jC-27809
_bR.56810
999 _c148782
_d148782